000
00344pab a2200145 454500
008
180718b1998 xxu||||| |||| 00| 0 eng d
100
_a
Sahay, K.B.
245
_a
Criminals and polls: how to stop entry into parliament
260
_c
1998
300
_a
p.8
362
_a
26 Apr
650
_a
Elections
773
_a
Statesman
909
_a
38498
999
_c
38498
_d
38498